Statistics for Landmarks of Pakistan: Buildings

Click here to take the quiz!

General Stats

  • This quiz has been taken 102 times
  • The average score is 5 of 15

Answer Stats

Answer% Correct
Faisal Mosque
88%
Badshahi Mosque
64%
Minar-e-Pakistan
55%
Mazar-e-Quaid
40%
Ziarat Residency
36%
Faisalabad Clock Tower
34%
Pakistan Monument
34%
Lahore Fort
31%
Derawar Fort
16%
Empress Market
14%
Wazir Khan Mosque
14%
Frere Hall
13%
Rohtas Fort
11%
Tomb of Shah Rukhn-e-Alam
9%
Makli Necropolis
5%

Score Distribution

Percentile by Number Answered

Percent of People with Each Score

Your Score History

You have not taken this quiz